| 000 | 00630nam a2200193 a 4500 | ||
|---|---|---|---|
| 005 | 20210223130900.0 | ||
| 008 | 081119s2004 mx r 000 0 spa d | ||
| 020 | _a9685142610 | ||
| 035 | _aUPN01000168024 | ||
| 049 | _aI | ||
| 050 | 4 |
_aZ4 _bR6.3 |
|
| 100 | 1 | _aRossi, Renzo | |
| 245 | 1 | 3 |
_aLa cuna de la escritura / _cRenzo Rossi ; il. Alessandro Baldanzi ; tr. Valentina Cantón. |
| 260 |
_aNaucalpan, Estado de México : _bCorreo del Maestro : _bLa Vasija, _c2004. |
||
| 300 |
_a29 p. : _bil. col. |
||
| 440 | 3 | _aEl arte de leer y escribir | |
| 650 | 4 |
_aLIBROS - _xHISTORIA - _vLITERATURA INFANTIL _911214 |
|
| 905 | _aInfantil | ||
| 999 |
_c140133 _d140133 |
||